000 00344nam a2200133Ia 4500
008 100328s9999 xx 000 0 und d
082 _b21377
100 _aपारगावकर वि.शं.
245 _aललाट
260 _bइनामदार बनु
630 _aललाट
730 _aललाट
942 _cBOOK
999 _c515407
_d515404